Statistics for [路線図付き] JR東日本 横浜線 駅名穴埋めクイズ

Click here to take the quiz!

General Stats

  • This quiz has been taken 466 times
  • The average score is 18 of 22

Answers on the Map

Answers color-coded by a green-red scale on the quiz's map according to % correct below.
 

Answer Stats

Answer% Correct
横浜線JH32八王子
99%
横浜線JK12横浜
97%
横浜線JH13東神奈川
95%
横浜線JH28橋本
93%
横浜線JK11桜木町
92%
横浜線JH16新横浜
89%
横浜線JH23町田
88%
横浜線JH21長津田
86%
横浜線JH15菊名
86%
横浜線JH30八王子みなみ野
85%
横浜線JH27相模原
84%
横浜線JH19中山
78%
横浜線JH14大口
76%
横浜線JH25淵野辺
76%
横浜線JH17小机
74%
横浜線JH29相原
73%
横浜線JH31片倉
71%
横浜線JH18鴨居
71%
横浜線JH20十日市場
68%
横浜線JH24古淵
68%
横浜線JH22成瀬
66%
横浜線JH26矢部
64%

Score Distribution

Percentile by Number Answered

Percent of People with Each Score

Your Score History

You have not taken this quiz